Don Quijote de la Mancha (Record no. 2106)

MARC details
000 -CABECERA
campo de control de longitud fija 01757nam a2200313 a 4500
001 - NÚMERO DE CONTROL
campo de control BRCA_2365
005 - FECHA Y HORA DE LA ÚLTIMA TRANSACCIÓN
campo de control 20190320203757.0
008 - DATOS DE LONGITUD FIJA--INFORMACIÓN GENERAL
campo de control de longitud fija 061108s1968----sp-#---###---#000-0#spa-u
041 ## - CÓDIGO DE LENGUA
Código de lengua del texto/banda sonora o título independiente spa
044 ## - CÓDIGO DEL PAÍS DE LA ENTIDAD EDITORA/PRODUCTORA
Código MARC del país sp
084 ## - OTRO NÚMERO DE CLASIFICACIÓN
Número de clasificación 006
Número de documento/Ítem .H57
-- 1968 F1605
100 1# - ENTRADA PRINCIPAL--NOMBRE DE PERSONA
Nombre de persona Cervantes Saavedra, Miguel de
Fechas asociadas al nombre 1547-1616
9 (RLIN) 213
245 10 - MENCIÓN DE TÍTULO
Título Don Quijote de la Mancha
Mención de responsabilidad, etc. Miguel de Cervantes.
260 ## - PUBLICACIÓN, DISTRIBUCIÓN, ETC.
Lugar de publicación, distribución, etc. Palma de Mallorca (España)
Nombre del editor, distribuidor, etc. The Hispanic Society of America : Alfaguara
Fecha de publicación, distribución, etc. 1968
300 ## - DESCRIPCIÓN FÍSICA
Extensión 1 v. (en varias paginaciones)
Dimensiones 25 cm.
500 ## - NOTA GENERAL
Nota general Contenido : Primera parte. Dedicatoria del autor al Duque de Béjar. Prólogo del autor. Versos preliminares. Texto
500 ## - NOTA GENERAL
Nota general Edición : Facsímil de la primera impresión tomo 1, según la edición príncipe de Juan de la Cuesta, Madrid, 1605, seguida de los dos pasajes que omite
500 ## - NOTA GENERAL
Nota general Facsímil de : El ingenioso hidalgo Don Quixote de la Mancha. Madrid: Juan de la Cuesta, 1605
500 ## - NOTA GENERAL
Nota general Facsímil de la primera parte de la edición príncipe. Editado por The Hispanic Society of America, en Palma de Mallorca, el año de 1968. Sigue la primera edición de Cuesta y va complementada con los dos pasajes omitidos, tomados de la tercera del mismo editor. Muy buena presentación en magnífico papel y excelente elaboración. Tirada limitada; ejemplar núm. 352 Lúdovik Osterc
500 ## - NOTA GENERAL
Nota general Existencias : Complementa al LO-032
500 ## - NOTA GENERAL
Nota general QMR114 (?)
650 14 - PUNTO DE ACCESO ADICIONAL DE MATERIA--TÉRMINO DE MATERIA
Término de materia o nombre geográfico como elemento de entrada Novela española
Subdivisión cronológica Época clásica, 1500-1700
9 (RLIN) 215
650 14 - PUNTO DE ACCESO ADICIONAL DE MATERIA--TÉRMINO DE MATERIA
Término de materia o nombre geográfico como elemento de entrada Literatura española
Subdivisión cronológica Época clásica, 1500-1700
9 (RLIN) 216
650 14 - PUNTO DE ACCESO ADICIONAL DE MATERIA--TÉRMINO DE MATERIA
Término de materia o nombre geográfico como elemento de entrada Novela española
Subdivisión cronológica Siglo XVII
9 (RLIN) 217
650 14 - PUNTO DE ACCESO ADICIONAL DE MATERIA--TÉRMINO DE MATERIA
Término de materia o nombre geográfico como elemento de entrada Don Quijote (Personaje ficticio)
Término indicativo de función/relación Novela
9 (RLIN) 218
740 0# - PUNTO DE ACCESO ADICIONAL--TÍTULO RELACIONADO O ANALÍTICO NO CONTROLADO
Título relacionado o analítico no controlado El Ingenioso Hidalgo Don Quijote de la Mancha
902 ## - CATALOGADOR
Iniciales QFM
942 ## - ELEMENTOS DE PUNTO DE ACCESO ADICIONAL (KOHA)
Fuente del sistema de clasificación o colocación Library of Congress Classification
Tipo de ítem Koha Libros
Holdings
Estado de retiro Estado de pérdida Estado dañado No para préstamo Localización permanente Ubicación/localización actual Fecha de adquisición Número de inventario Total de préstamos Signatura topográfica completa Código de barras Fecha visto por última vez Precio válido a partir de Tipo de ítem Koha
El ejemplar forma parte de la colección y puede ser consultado según las políticas vigentes.       Biblioteca del Museo Franz Mayer (Rogerio Casas-Alatriste) Biblioteca del Museo Franz Mayer (Rogerio Casas-Alatriste) 06/11/2008 QMR114 (?)   006 .H57 1968 F1605 (QMR114 (?)) 2362 22/03/2019 22/03/2019 Libros